Statistics for New England Patriots Trivia

Click here to take the quiz!

General Stats

  • This quiz has been taken 3,408 times
    (2,005 since last reset)
  • The average score is 15 of 19

Answer Stats

QuestionAnswer% Correct
Quarterback of those Super Bowl teams – usually considered the GOATTom Brady
100%
Coach who led the team to six Super Bowl titlesBill Belichick
97%
Tight end who caught 79 touchdowns during his Patriots careerRob Gronkowski
97%
Quarterback who was drafted from Alabama in 2020Mac Jones
96%
Receiver who caught an NFL record 23 touchdowns in 2007Randy Moss
91%
Team which has beaten the Patriots in the Super Bowl twiceNew York Giants
89%
Name of the Patriots' stadiumGillette Stadium
87%
Receiver whose spectacular 4th quarter catch helped the Patriots defeat the
Falcons in Super Bowl LI
Julian Edelman
87%
"Gate" scandals have involved the Patriots{Deflate}gate
86%
Owner of the PatriotsRobert Kraft
84%
Player whose interception sealed the Patriots' win over the Seahawks in Super Bowl XLIXMalcolm Butler
78%
Obscure rule about the difference between a fumble and an incomplete pass which
helped the Patriots defeat the Raiders in 2002
{Tuck} Rule
78%
Town near Boston where that stadium is locatedFoxborough
76%
Quarterback who led the 1996 Patriots to a Super Bowl appearanceDrew Bledsoe
75%
The Patriots' kicker from 1996–2005Adam Vinatieri
73%
Undersized receiver who led the Patriots in receiving yards each year from 2008–2012Wes Welker
71%
Running back who led the Patriots with 18 rushing touchdowns in 2016LeGarrette Blount
62%
Baseball stadium which was the home of the Patriots in the 1960sFenway Park
61%
"Gate" scandals have involved the Patriots{Spy}gate
61%

Score Distribution

Percentile by Number Answered

Percent of People with Each Score

Your Score History

You have not taken this quiz since the last reset